El Plan Económico del 4 de abril de 1986 (Registro nro. 17920)

Detalles MARC
000 -LEADER
fixed length control field 00327 a2200109 4500
001 - CONTROL NUMBER
control field ART_10875
005 - DATE AND TIME OF LATEST TRANSACTION
control field 20260410161732.0
008 - FIXED-LENGTH DATA ELEMENTS--GENERAL INFORMATION
fixed length control field 260409a
100 1# - MAIN ENTRY--PERSONAL NAME
Personal name Di Tella, Guido
245 10 - TITLE STATEMENT
Title El Plan Económico del 4 de abril de 1986
773 0# - HOST ITEM ENTRY
Title Ejecutivos de finanzas
Related parts - Año 3, Nº 27 (may. 1986)
Record control number REV2863

No hay ítems disponibles.